[Event "XIV MIEDZYNARODOWY FESTIWAL SZACHOWY PER"]
[Site "LAZY"]
[Date "2018.06.30"]
[Round "7.6"]
[White "Oborski, Artur"]
[Black "Kot, Jerzy"]
[WhiteElo "1801"]
[BlackElo "2028"]
[PlyCount "90"]
[EventDate "2018.??.??"]

1. d4 c5 2. d5 b5 3. e4 a6 4. a4 b4 5. c3 bxc3 6. Nxc3 d6 7. Nf3 g6 8. Nd2 Bg7
9. Be2 Nf6 10. O-O O-O 11. Nc4 Nbd7 12. a5 Ne8 13. Na4 Nc7 14. Nab6 Ra7 15.
Nxc8 Qxc8 16. Nb6 Qd8 17. Qa4 Nb5 18. Bd3 Qc7 19. Bxb5 axb5 20. Qxb5 Rb8 21.
Qxd7 Qxb6 22. axb6 Rxd7 23. Bd2 Bxb2 24. Ra6 Rdb7 25. Rb1 Bd4 26. Be3 Bc3 27.
Kf1 Bb4 28. Ke2 Rxb6 29. Rxb6 Rxb6 30. Ra1 Bc3 31. Ra7 Bf6 32. Bh6 Rb8 33. Rc7
Re8 34. Be3 Kg7 35. f4 h5 36. Bxc5 g5 37. fxg5 Bxg5 38. Bd4+ Kg6 39. Be3 Bf6
40. Ba7 Be5 41. g3 f5 42. Kf3 Kf6 43. Be3 e6 44. dxe6 fxe4+ 45. Kxe4 d5+ 0-1

[Event "XIV MIEDZYNARODOWY FESTIWAL SZACHOWY PER"]
[Site "LAZY"]
[Date "2018.06.30"]
[Round "7.7"]
[White "Hrymowicz, Artur"]
[Black "Stachanczyk, Jacek"]
[Result "1/2-1/2"]
[WhiteElo "2123"]
[BlackElo "2223"]
[PlyCount "82"]
[EventDate "2018.??.??"]

1. e4 c5 2. Nf3 Nc6 3. d4 cxd4 4. Nxd4 g6 5. c4 Nf6 6. Nc3 Bg7 7. Be3 O-O 8.
Be2 d6 9. O-O Bd7 10. Rc1 Nxd4 11. Bxd4 Bc6 12. f3 a5 13. Qd2 Nd7 14. Be3 Nc5
15. b3 Qb6 16. Nb5 f5 17. exf5 gxf5 18. Rfd1 Rf6 19. Kh1 Be8 20. Nc3 Bc6 21.
Nd5 Bxd5 22. Qxd5+ Kh8 23. Bg5 Re6 24. Bf1 Re5 25. Qd2 Qb4 26. Re1 Rxe1 27.
Qxe1 Qxe1 28. Rxe1 e5 29. Rd1 Bf8 30. Bd3 Nxd3 31. Rxd3 Kg7 32. Kg1 a4 33. Bd2
axb3 34. axb3 Kf7 35. Rd5 Ke6 36. Rb5 Ra2 37. Bg5 f4 38. h3 Ra7 39. Bd8 Kd7 40.
Ra5 Rxa5 41. Bxa5 d5 1/2-1/2

[Event "XIV MIEDZYNARODOWY FESTIWAL SZACHOWY PER"]
[Site "LAZY"]
[Date "2018.06.30"]
[Round "7.8"]
[White "Wisniewski, Michal"]
[Black "Niedbala, Bartlomiej"]
[Result "1/2-1/2"]
[WhiteElo "2204"]
[BlackElo "1977"]
[PlyCount "92"]
[EventDate "2018.??.??"]

1. e4 c5 2. Nf3 g6 3. d4 cxd4 4. Nxd4 Nc6 5. c4 Bg7 6. Be3 Nf6 7. Nc3 d6 8. Be2
O-O 9. O-O Qa5 10. a3 Nxd4 11. Bxd4 Be6 12. b4 Qc7 13. Rc1 a6 14. Nd5 Bxd5 15.
cxd5 Qd7 16. Qd3 Rfc8 17. h3 Rxc1 18. Rxc1 Rc8 19. Rb1 Qd8 20. b5 axb5 21. Rxb5
Rc1+ 22. Kh2 Qc7 23. Bf3 Nd7 24. Bxg7 Kxg7 25. Qb3 Ne5 26. Rxb7 Qc5 27. Qe3
Qxe3 28. fxe3 Kf6 29. a4 Rc3 30. a5 Nxf3+ 31. gxf3 Rxe3 32. Kg3 Ra3 33. Ra7 h5
34. a6 Ra1 35. Ra8 Ra2 36. a7 Ra3 37. Kh4 Ra2 38. f4 Ra3 39. f5 gxf5 40. exf5
Kxf5 41. Rf8 Rxa7 42. Rxf7+ Kg6 43. Rf4 Ra5 44. Rd4 Ra3 45. Re4 Kf6 46. Re6+
Kf7 1/2-1/2

[Event "XIV MIEDZYNARODOWY FESTIWAL SZACHOWY PER"]
[Site "LAZY"]
[Date "2018.06.30"]
[Round "7.9"]
[White "Krainski, Slawomir"]
[Black "Wacior, Maciej"]
[WhiteElo "2136"]
[BlackElo "2110"]
[PlyCount "50"]
[EventDate "2018.??.??"]

1. Nf3 Nf6 2. c4 e6 3. g3 d5 4. Bg2 c6 5. b3 Be7 6. O-O Nbd7 7. Bb2 b6 8. cxd5
cxd5 9. d3 Bb7 10. Nbd2 O-O 11. Rc1 Rc8 12. Rxc8 Qxc8 13. Qa1 Qa8 14. Ne5 Nxe5
15. Bxe5 Rc8 16. Nf3 Ne8 17. Bh3 Bf6 18. Bxf6 Nxf6 19. Nd4 Rc7 20. Rc1 Qc8 21.
Rxc7 Qxc7 22. Qb2 a6 23. Qd2 h6 24. Qe3 Qd6 25. Nf3 Qc5 1/2-1/2

[Event "XIV MIEDZYNARODOWY FESTIWAL SZACHOWY PER"]
[Site "LAZY"]
[Date "2018.06.30"]
[Round "7.10"]
[White "Zarebska, Lena"]
[Black "Grzesik, Gracjan"]
[Result "1-0"]
[WhiteElo "1817"]
[BlackElo "1884"]
[PlyCount "95"]
[EventDate "2018.??.??"]

1. e4 c5 2. Nf3 d6 3. d4 cxd4 4. Nxd4 Nf6 5. Nc3 a6 6. Bc4 e6 7. Bb3 Qc7 8. Be3
Nc6 9. O-O Be7 10. f4 b5 11. Qf3 Nxd4 12. Bxd4 Bb7 13. a3 O-O 14. f5 e5 15. Be3
Bc6 16. Bg5 Nxe4 17. Bxe7 Nf6 18. Bxd6 Qxd6 19. Qe2 e4 20. Kh1 Rfe8 21. Nd1 Qe5
22. c3 e3 23. Re1 Qxf5 24. Nxe3 Qf4 25. Qf1 Qh4 26. Nf5 Qh5 27. Ne7+ Rxe7 28.
Rxe7 Rf8 29. Rae1 Qh4 30. Qf5 g6 31. Qe5 a5 32. Rf1 Qg4 33. Qg3 Qxg3 34. hxg3
Ne4 35. Rfxf7 Rxf7 36. Rxf7 a4 37. Rc7+ axb3 38. Rxc6 Nf2+ 39. Kg1 Nd1 40. Rb6
Nxb2 41. Rxb5 Nc4 42. Rxb3 Nd2 43. Rb7 Nc4 44. a4 Na5 45. Rc7 Nb3 46. c4 Na5
47. c5 h5 48. Kf2 1-0

[Event "XIV MIEDZYNARODOWY FESTIWAL SZACHOWY PER"]
[Site "LAZY"]
[Date "2018.06.30"]
[Round "7.11"]
[White "Buchta, Agnieszka"]
[Black "Luczak, Filip"]
[Result "0-1"]
[WhiteElo "1810"]
[BlackElo "2044"]
[PlyCount "40"]
[EventDate "2018.??.??"]

1. e4 c5 2. Nc3 Nc6 3. Bb5 e6 4. Bxc6 dxc6 5. d3 e5 6. f4 exf4 7. Bxf4 Ne7 8.
Nf3 Ng6 9. Bg3 Be7 10. O-O Be6 11. Qe2 h5 12. Ne5 Qd4+ 13. Kh1 Nxe5 14. a4 h4
15. Bf4 g5 16. Nd5 cxd5 17. exd5 gxf4 18. dxe6 O-O-O 19. exf7 h3 20. Rae1 Bd6
0-1

[Event "XIV MIEDZYNARODOWY FESTIWAL SZACHOWY PER"]
[Site "LAZY"]
[Date "2018.06.30"]
[Round "7.12"]
[White "Czarniecka, Aleksandra"]
[Black "Madej, Marek"]
[Result "1-0"]
[WhiteElo "1983"]
[BlackElo "1786"]
[PlyCount "111"]
[EventDate "2018.??.??"]

1. e4 c5 2. Nf3 e6 3. d4 cxd4 4. Nxd4 Nc6 5. c4 Nf6 6. Nc3 Bb4 7. Qd3 Ne5 8.
Qg3 Qa5 9. Ndb5 O-O 10. Qxe5 a6 11. Bd2 axb5 12. cxb5 d5 13. Be2 Rd8 14. Rd1
Nxe4 15. Nxe4 dxe4 16. Bc3 Bxc3+ 17. bxc3 Rxd1+ 18. Bxd1 Bd7 19. a4 Rc8 20. O-O
Qxc3 21. Qxe4 b6 22. h3 g6 23. Qf4 e5 24. Qf6 Be6 25. Bf3 Qa3 26. Qxe5 Qxa4 27.
Bc6 Rd8 28. Kh2 Qd4 29. Qxd4 Rxd4 30. Ra1 Rd8 31. Ra7 Bd5 32. Rb7 Bxc6 33. bxc6
Rc8 34. Rxb6 Rc7 35. Kg3 Kg7 36. Kf4 Kf6 37. h4 h6 38. g4 Ke6 39. Ke4 g5 40. h5
f6 41. f3 Rc8 42. c7+ Kf7 43. Rb7 Ke6 44. Rb6+ Kf7 45. Rc6 Ke7 46. Kf5 Kf7 47.
Rxf6+ Kg7 48. Rg6+ Kh7 49. Rc6 Kg7 50. Ke6 Kh7 51. Kd7 Rf8 52. c8=Q Rf7+ 53.
Kd6 Rf6+ 54. Kc5 Rf8 55. Rc7+ Kg8 56. Qe6+ 1-0

[Event "XIV MIEDZYNARODOWY FESTIWAL SZACHOWY PER"]
[Site "LAZY"]
[Date "2018.06.30"]
[Round "7.13"]
[White "Zelak, Wladyslaw"]
[Black "Koloczek, Maciej"]
[Result "1-0"]
[WhiteElo "1779"]
[BlackElo "1961"]
[PlyCount "133"]
[EventDate "2018.??.??"]

1. d4 Nf6 2. c4 e6 3. Nf3 d5 4. e3 a6 5. Nc3 Be7 6. Bd3 dxc4 7. Bxc4 b5 8. Bb3
Bb7 9. O-O O-O 10. Qe2 Nbd7 11. Ne5 c5 12. Nxd7 Nxd7 13. d5 exd5 14. Bxd5 Bxd5
15. Nxd5 Nb6 16. Nxe7+ Qxe7 17. b3 Rfd8 18. Bb2 Rd7 19. Rad1 Rad8 20. h3 Qe6
21. Qh5 Rd5 22. Rxd5 Rxd5 23. Rd1 Rxd1+ 24. Qxd1 Qd7 25. Qc2 c4 26. Bd4 cxb3
27. axb3 Nd5 28. Qa2 Qc6 29. Qa5 Qc1+ 30. Kh2 Qc7+ 31. Qxc7 Nxc7 32. Bc5 f6 33.
Kg3 Kf7 34. Kf3 Ke6 35. Ke4 g6 36. Kd4 Ne8 37. f3 Ng7 38. g4 Ne8 39. Bb4 Nc7
40. Kc5 Nd5 41. Bd2 f5 42. g5 Ke5 43. b4 Ke6 44. Kc6 Ne7+ 45. Kc5 Nd5 46. e4
fxe4 47. fxe4 Ne7 48. Bf4 Kd7 49. Kb6 Nc6 50. Bd2 Nd4 51. Kxa6 Kc6 52. Be3 Ne6
53. h4 Nc7+ 54. Ka7 Ne6 55. Kb8 Kd6 56. Kc8 Ke5 57. Kd7 Ng7 58. Kc6 Kxe4 59.
Bf2 Nf5 60. Kxb5 Kd5 61. Ka6 h6 62. b5 hxg5 63. hxg5 Nd6 64. Bg3 Nc4 65. b6
Nxb6 66. Kxb6 Ke4 67. Bc7 1-0

[Event "XIV MIEDZYNARODOWY FESTIWAL SZACHOWY PER"]
[Site "LAZY"]
[Date "2018.06.30"]
[Round "7.14"]
[White "Trybus, Daniel"]
[Black "Majocha, Piotr"]
[Result "1-0"]
[WhiteElo "1793"]
[BlackElo "1902"]
[PlyCount "173"]
[EventDate "2018.??.??"]

1. g3 Nf6 2. Bg2 d5 3. Nf3 c6 4. O-O Bg4 5. d3 Nbd7 6. Nbd2 e5 7. e4 dxe4 8.
dxe4 Be7 9. Qe2 O-O 10. Rd1 Qc7 11. Nc4 Nc5 12. h3 Bxf3 13. Bxf3 b5 14. Ne3
Rfd8 15. Nf5 Rxd1+ 16. Qxd1 Rd8 17. Qe2 Ne6 18. Nxe7+ Qxe7 19. c3 h6 20. a4 a6
21. axb5 axb5 22. Be3 Qd6 23. Bb6 Rb8 24. Rd1 Qe7 25. Ba5 Rb7 26. Qe3 c5 27.
Kg2 Rd7 28. b4 Rxd1 29. Bxd1 c4 30. Bf3 Qd7 31. h4 Qb7 32. Bb6 Kh7 33. Bc5 Qd7
34. Ba7 Qb7 35. Bc5 Qc7 36. Bb6 Qd7 37. Be2 Qc6 38. f3 Nd7 39. Ba5 Nc7 40. f4
Ne6 41. f5 Nc7 42. g4 Ne8 43. g5 Nd6 44. Bf3 Nb7 45. Bh5 g6 46. Bg4 h5 47. Bh3
Nxa5 48. fxg6+ Kxg6 49. Bxd7 Qxd7 50. bxa5 Qg4+ 51. Qg3 Qe2+ 52. Qf2 Qxe4+ 53.
Kh2 Qd5 54. a6 e4 55. a7 b4 56. Qd4 Qb7 57. cxb4 c3 58. Qxc3 Qxa7 59. Qf6+ Kh7
60. Qf5+ Kh8 61. Qxe4 Qf2+ 62. Kh3 Qf1+ 63. Kg3 Qg1+ 64. Kf4 Qh2+ 65. Kf5 Qh3+
66. Kf6 Qc3+ 67. Kf5 Qc8+ 68. Ke5 Qb8+ 69. Kf5 Qc8+ 70. Kf4 Qc7+ 71. Ke3 Qc3+
72. Ke2 Qb2+ 73. Kd1 Qb3+ 74. Kd2 Qb2+ 75. Ke3 Qc3+ 76. Kf4 Qc7+ 77. Kf5 Qd7+
78. Ke5 Qb5+ 79. Kd6 Qb6+ 80. Kd7 Qa7+ 81. Kc8 Qa6+ 82. Kb8 Qb6+ 83. Qb7 Qd4
84. b5 Qxh4 85. Qc8+ Kh7 86. Qf5+ Kg8 87. b6 1-0

[Event "XIV MIEDZYNARODOWY FESTIWAL SZACHOWY PER"]
[Site "LAZY"]
[Date "2018.06.30"]
[Round "7.15"]
[White "Wieczorek, Mikolaj"]
[Black "Podgorski, Maciej"]
[Result "1-0"]
[WhiteElo "1726"]
[BlackElo "1852"]
[PlyCount "95"]
[EventDate "2018.??.??"]

1. e4 c5 2. Nf3 d6 3. d4 cxd4 4. Nxd4 Nf6 5. Nc3 a6 6. Bg5 Nbd7 7. f4 e6 8. Qe2
Be7 9. O-O-O Qc7 10. g4 b5 11. Bg2 Bb7 12. a3 h6 13. Bh4 g5 14. fxg5 Nh7 15.
Bg3 Bxg5+ 16. Kb1 Ne5 17. Ndxb5 axb5 18. Nxb5 Qb6 19. Nxd6+ Ke7 20. Bxe5 f6 21.
Nc4 Qa6 22. Bd6+ Kf7 23. Bc5 Bf4 24. Nd6+ Bxd6 25. Qxa6 Rxa6 26. Rxd6 Rxd6 27.
Bxd6 Ng5 28. Re1 f5 29. gxf5 exf5 30. Rf1 Bxe4 31. Bxe4 Nxe4 32. Rxf5+ Kg6 33.
Rf8 Rh7 34. Bf4 h5 35. c4 h4 36. b4 Ra7 37. c5 Nc3+ 38. Kb2 Nd5 39. Bd6 Ne3 40.
Kb3 Nf5 41. Rxf5 Kxf5 42. b5 Ke6 43. b6 Rf7 44. Kb4 Kd5 45. Kb5 h3 46. Bc7 Rf3
47. b7 Rb3+ 48. Ka6 1-0

[Event "XIV MIEDZYNARODOWY FESTIWAL SZACHOWY PER"]
[Site "LAZY"]
[Date "2018.06.30"]
[Round "7.16"]
[White "Daliga, Anita"]
[Black "Hasterok, Mateusz"]
[Result "1/2-1/2"]
[WhiteElo "1605"]
[BlackElo "1837"]
[PlyCount "167"]
[EventDate "2018.??.??"]

1. e4 c5 2. d3 g6 3. g3 Bg7 4. Bg2 Nc6 5. Nf3 d6 6. Nbd2 Nf6 7. O-O O-O 8. Re1
Rb8 9. c3 b5 10. Nf1 b4 11. h4 bxc3 12. bxc3 Ng4 13. Bd2 Nge5 14. Nxe5 Nxe5 15.
Bf4 Rb2 16. Ne3 Ba6 17. Bxe5 dxe5 18. Bf1 Qa5 19. Re2 Rfb8 20. Qc1 R2b7 21. Rc2
Rd8 22. Rd2 Bh6 23. Qc2 Rdb8 24. Qc1 e6 25. Rc2 Kg7 26. Qd1 Rd8 27. Ng4 c4 28.
d4 Rbd7 29. Qf3 f5 30. Nxe5 Rd6 31. exf5 exf5 32. Bxc4 Qc7 33. Bxa6 Rxa6 34.
Rb1 Rb6 35. Rcb2 Bd2 36. Rxb6 axb6 37. Nc6 Rf8 38. Rd1 Bh6 39. d5 Qd6 40. Qe2
Qc5 41. Qe7+ Qxe7 42. Nxe7 Kf7 43. Nc6 Ke8 44. Rb1 Kd7 45. Rxb6 Kc7 46. Rb3 Ra8
47. a3 Bf8 48. Nd4 Kd6 49. Rb7 Kxd5 50. Rxh7 Rxa3 51. Rh8 Bc5 52. Rd8+ Ke5 53.
Re8+ Kf6 54. Ne2 Ra2 55. Kf1 Ra1+ 56. Kg2 Ra2 57. Kf3 Ra1 58. Rc8 Ba7 59. Rd8
Rf1 60. Nd4 Rc1 61. Nb5 Ke7 62. Rd3 Bc5 63. Ke2 Rc2+ 64. Rd2 Rxd2+ 65. Kxd2
Bxf2 66. h5 gxh5 67. Ke2 Bxg3 68. Kf3 h4 69. Nd4 Kf6 70. Ne2 Be5 71. c4 Ke6 72.
Nc1 h3 73. Nd3 Bc7 74. Nf2 h2 75. Kg2 Kd7 76. Nd1 Bf4 77. Nf2 Kc6 78. Nd3 Bd6
79. Ne1 Kc5 80. Nf3 Kxc4 81. Nh4 f4 82. Nf3 Kd3 83. Nxh2 Ke2 84. Nf3 1/2-1/2

[Event "XIV MIEDZYNARODOWY FESTIWAL SZACHOWY PER"]
[Site "LAZY"]
[Date "2018.06.30"]
[Round "7.17"]
[White "Kruczynski, Marek"]
[Black "Pluta, Natalia"]
[Result "1-0"]
[WhiteElo "1731"]
[BlackElo "1826"]
[PlyCount "88"]
[EventDate "2018.??.??"]

1. e4 c5 2. Nc3 g6 3. d4 cxd4 4. Qxd4 Nf6 5. Bg5 Nc6 6. Qd2 Bg7 7. O-O-O Qb6 8.
Be3 Qa5 9. f3 d6 10. Bc4 Ne5 11. Bb3 O-O 12. Nge2 Bd7 13. Kb1 Rfe8 14. Bh6 Bh8
15. h4 Rac8 16. h5 Nc4 17. Bxc4 Rxc4 18. hxg6 fxg6 19. g4 Be6 20. Nd5 Qb5 21.
Nec3 Qc5 22. Be3 Qc6 23. Qh2 Kf8 24. Bh6+ Kf7 25. Qf4 Bxd5 26. Rxd5 Rxc3 27.
bxc3 Kg8 28. Rd3 Nd7 29. Qh2 Qc4 30. Be3 Qf7 31. f4 Rc8 32. Bd4 Rc6 33. Rh3 Nf8
34. f5 g5 35. Qd2 Bf6 36. Bxf6 Qxf6 37. Qd4 Rb6+ 38. Kc1 e5 39. Qc4+ d5 40.
Qxd5+ Kg7 41. Rh6 Qxh6 42. Rxh6 Kxh6 43. Qxe5 Nd7 44. Qh2+ Kg7 1-0

[Event "XIV MIEDZYNARODOWY FESTIWAL SZACHOWY PER"]
[Site "LAZY"]
[Date "2018.06.30"]
[Round "7.18"]
[White "Rogala, Milosz"]
[Black "Syrkiewicz, Michal"]
[Result "0-1"]
[WhiteElo "1707"]
[BlackElo "1799"]
[PlyCount "102"]
[EventDate "2018.??.??"]

1. e4 c5 2. Nf3 e6 3. d4 cxd4 4. Nxd4 Nc6 5. Be3 Nf6 6. Nc3 Bb4 7. Bd3 d5 8.
Nxc6 bxc6 9. exd5 cxd5 10. Bd2 O-O 11. O-O Bb7 12. Ne2 Bd6 13. Ng3 e5 14. Bg5
e4 15. Be2 Be5 16. Rb1 Qc7 17. Bxf6 Bxf6 18. c3 Be5 19. Bg4 g6 20. Qb3 Rab8 21.
Qc2 f5 22. Bd1 f4 23. Ne2 Ba6 24. Qd2 Bd3 25. Bc2 Bxe2 26. Qxe2 f3 27. Qd2
Bxh2+ 28. Kh1 Qe5 29. Qh6 Bf4 30. Qh3 Rf5 31. g4 Rf6 32. Rfd1 Rbb6 33. Bb3 Rbd6
34. Kg1 g5 35. Kf1 Rh6 36. Rxd5 Rxh3 37. Rxe5+ Kf8 38. Rf5+ Ke8 39. Kg1 Rdh6
40. Bf7+ Ke7 41. Bh5 Rf6 42. Ra5 a6 43. Re1 Bh2+ 44. Kf1 Re6 45. Rf5 Bf4 46.
Rf7+ Kd6 47. Rd1+ Kc6 48. Kg1 e3 49. Rxh7 exf2+ 50. Kxf2 Re2+ 51. Kg1 Be3+ 0-1

[Event "XIV MIEDZYNARODOWY FESTIWAL SZACHOWY PER"]
[Site "LAZY"]
[Date "2018.06.30"]
[Round "7.21"]
[White "Karwacki, Piotr"]
[Black "Dytman, Radoslaw"]
[Result "1-0"]
[WhiteElo "1828"]
[BlackElo "1722"]
[PlyCount "123"]
[EventDate "2018.??.??"]

1. d4 Nf6 2. Nc3 g6 3. e4 d6 4. f4 Bg7 5. Nf3 O-O 6. Be3 b6 7. Bd3 Bb7 8. Qd2
Nbd7 9. O-O-O c5 10. e5 Ne8 11. dxc5 bxc5 12. e6 fxe6 13. Ng5 Nc7 14. Nb5 Nxb5
15. Bxb5 Rf6 16. Rhe1 Kh8 17. Bf2 Nf8 18. Bxc5 h6 19. Bd4 hxg5 20. Bxf6 Bxf6
21. fxg5 Bg7 22. Bc4 Qb6 23. Bb3 a5 24. Qe3 Qxe3+ 25. Rxe3 Be5 26. g3 Kg7 27.
Bc4 Rc8 28. Be2 Bd5 29. Ra3 Rc5 30. Kb1 Nd7 31. Bf3 Bc4 32. Kc1 Nb6 33. b3 Bd5
34. Bxd5 Nxd5 35. Rf1 Nb4 36. c4 Bd4 37. Kd2 Re5 38. Ra4 Be3+ 39. Kd1 Nd3 40.
Kc2 Nb4+ 41. Kd1 Nc6 42. Re1 Bb6 43. Rxe5 Nxe5 44. Ke2 Nc6 45. a3 Bc5 46. Kd3
e5 47. Ke4 e6 48. g4 Kf7 49. h4 Bf2 50. h5 Bh4 51. b4 axb4 52. axb4 Bxg5 53. b5
Nd8 54. Ra7+ Ke8 55. hxg6 Kf8 56. Rd7 Bf6 57. Rc7 Be7 58. g7+ Kxg7 59. Rxe7+
Kf6 60. Rd7 d5+ 61. cxd5 exd5+ 62. Kxd5 1-0

[Event "XIV MIEDZYNARODOWY FESTIWAL SZACHOWY PER"]
[Site "LAZY"]
[Date "2018.06.30"]
[Round "7.22"]
[White "Krzywnicka, Maria"]
[Black "Saweczko, Tomasz"]
[Result "1/2-1/2"]
[WhiteElo "1845"]
[BlackElo "1615"]
[PlyCount "177"]
[EventDate "2018.??.??"]

1. e4 e5 2. Nf3 Nc6 3. Bb5 a6 4. Ba4 Nf6 5. Qe2 b5 6. Bb3 Bc5 7. a4 Rb8 8. axb5
axb5 9. O-O O-O 10. d3 h6 11. Be3 d6 12. h3 Re8 13. c3 Bxe3 14. fxe3 Be6 15.
Nbd2 Qc8 16. Nh4 Bxb3 17. Nxb3 Qe6 18. Nd2 Ra8 19. Nf5 Ne7 20. c4 bxc4 21.
Nxe7+ Qxe7 22. Nxc4 c6 23. Rfc1 Rxa1 24. Rxa1 d5 25. exd5 cxd5 26. Nd2 Qb4 27.
Nf1 Rb8 28. Rb1 Qh4 29. Qc2 Qb4 30. Qc7 e4 31. d4 Qb6 32. Qxb6 Rxb6 33. Nd2 Ne8
34. b3 Nd6 35. Kf2 f5 36. Ra1 Kf7 37. Ra7+ Kf6 38. Ra8 g5 39. g3 Nb5 40. Rc8
Ke7 41. Rh8 Rf6 42. h4 f4 43. hxg5 hxg5 44. Rh5 fxe3+ 45. Kxe3 Rg6 46. Rh7+ Kd8
47. b4 Na3 48. Nb3 Nc2+ 49. Kd2 Nxb4 50. Nc5 Rf6 51. Kc3 Nc6 52. Rd7+ Ke8 53.
Rxd5 Rf3+ 54. Kd2 Rxg3 55. Nxe4 Rg2+ 56. Ke3 Nb4 57. Re5+ Kf8 58. Nxg5 Rg3+ 59.
Ke4 Rg4+ 60. Kf5 Rg1 61. Ne6+ Kg8 62. Nf4 Rf1 63. Kg4 Kf7 64. Rf5+ Ke8 65. d5
Nxd5 66. Rxd5 Rg1+ 67. Kf5 Ra1 68. Rb5 Kd7 69. Rb6 Kc7 70. Rh6 Ra5+ 71. Ke4
Ra4+ 72. Ke3 Ra3+ 73. Nd3 Kd7 74. Kd4 Ra4+ 75. Kc3 Ra3+ 76. Kc4 Ra4+ 77. Kd5
Ra1 78. Rh7+ Ke8 79. Ne5 Ra5+ 80. Ke6 Ra6+ 81. Kf5 Ra1 82. Nc4 Rf1+ 83. Ke6
Re1+ 84. Ne5 Kd8 85. Kd6 Rd1+ 86. Kc5 Rc1+ 87. Nc4 Ke8 88. Kd5 Rd1+ 89. Kc6
1/2-1/2

[Event "XIV MIEDZYNARODOWY FESTIWAL SZACHOWY PER"]
[Site "LAZY"]
[Date "2018.06.30"]
[Round "7.23"]
[White "Kindler, Karolina"]
[Black "Hertlein, Irena"]
[Result "1/2-1/2"]
[WhiteElo "1784"]
[BlackElo "1531"]
[PlyCount "70"]
[EventDate "2018.??.??"]

1. Nf3 d5 2. b3 Nf6 3. Bb2 c5 4. e3 e6 5. d4 Nc6 6. Bd3 Bd6 7. Ne5 cxd4 8. exd4
O-O 9. O-O Qc7 10. f4 Nb4 11. Rf3 Nxd3 12. cxd3 Qe7 13. Rh3 Bd7 14. g4 g6 15.
Qe1 Ne8 16. Ba3 f6 17. Bxd6 Nxd6 18. Nxd7 Qxd7 19. Nd2 Rac8 20. Nf3 Rc2 21. Qh4
Qg7 22. Qe1 Re8 23. Qg3 Nb5 24. Re1 Rxa2 25. f5 gxf5 26. gxf5 Qxg3+ 27. Rxg3+
Kf7 28. fxe6+ Rxe6 29. Rxe6 Kxe6 30. Rg7 Rb2 31. Rxh7 Rxb3 32. Rxb7 a5 33. Rb6+
Kf5 34. Ra6 Rxd3 35. Rxa5 Nxd4 1/2-1/2

[Event "XIV MIEDZYNARODOWY FESTIWAL SZACHOWY PER"]
[Site "LAZY"]
[Date "2018.06.30"]
[Round "7.24"]
[White "Luberanski, Jakub"]
[Black "Wojdak, Jan"]
[Result "1-0"]
[WhiteElo "1762"]
[BlackElo "1712"]
[PlyCount "127"]
[EventDate "2018.??.??"]

1. e4 c5 2. Nf3 Nc6 3. d4 cxd4 4. Nxd4 Nf6 5. Nc3 d6 6. Bg5 e6 7. Qd2 a6 8.
O-O-O Bd7 9. f4 h6 10. Bh4 Nxe4 11. Qe1 Nf6 12. Nf5 Qa5 13. Nxd6+ Bxd6 14. Rxd6
O-O-O 15. Rd2 Be8 16. Bc4 Qb4 17. Rxd8+ Nxd8 18. Qe2 b5 19. Bxf6 gxf6 20. Bd3
Qxf4+ 21. Kb1 Nc6 22. Rf1 Qe5 23. Qf2 Qd4 24. Qxd4 Nxd4 25. Rxf6 Rg8 26. g3 h5
27. a4 Kd8 28. axb5 axb5 29. Rh6 f5 30. Ne2 Nxe2 31. Bxe2 Ke7 32. c4 bxc4 33.
Rxe6+ Kxe6 34. Bxc4+ Ke5 35. Bxg8 Ke4 36. Bh7 Kf3 37. Bxf5 Kg2 38. h3 Kxg3 39.
Kc2 Kf4 40. Bc8 Ke4 41. Kc3 Ke5 42. Kb4 Kd4 43. Ka5 Kc5 44. b4+ Kc6 45. h4 Kc7
46. Bh3 Kb7 47. Bg2+ Ka7 48. Bf3 Bf7 49. b5 Bg6 50. b6+ Kb8 51. Kb5 Kc8 52. Kc6
Kb8 53. Kd6 Kc8 54. Ke7 Bf5 55. Kf6 Bg4 56. Bc6 Be2 57. Kg5 Bd1 58. Kf4 Bc2 59.
Bf3 Bb3 60. Kg5 Bf7 61. Bxh5 Bd5 62. Bg4+ Kb7 63. h5 Kxb6 64. h6 1-0

[Event "XIV MIEDZYNARODOWY FESTIWAL SZACHOWY PER"]
[Site "LAZY"]
[Date "2018.06.30"]
[Round "7.25"]
[White "Hampel, Anna"]
[Black "Wasala, Wiktoria"]
[Result "1-0"]
[WhiteElo "1728"]
[BlackElo "1521"]
[PlyCount "87"]
[EventDate "2018.??.??"]

1. e4 Nf6 2. e5 Nd5 3. c4 Nb6 4. c5 Nd5 5. Bc4 e6 6. d4 b6 7. cxb6 axb6 8. Nf3
Bb7 9. O-O Be7 10. Nc3 O-O 11. Nxd5 Bxd5 12. Bxd5 exd5 13. Qb3 c6 14. Bf4 b5
15. a4 b4 16. Bd2 Na6 17. Rfc1 Qb6 18. Qd3 h6 19. Qf5 Qc7 20. Qg4 Kh8 21. Nh4
Bxh4 22. Qxh4 Qd8 23. Qh3 Qe7 24. Re1 Nc7 25. Bxh6 Qe6 26. Qxe6 Nxe6 27. Be3 b3
28. f4 g6 29. Rf1 f5 30. Rfc1 Rfb8 31. Ra3 Rb4 32. Rc3 Nxd4 33. Bxd4 Rxd4 34.
Rcxb3 Rxf4 35. a5 Re4 36. a6 Rxe5 37. a7 Ree8 38. Rb7 Kg7 39. Rxd7+ Kf6 40. Ra6
Re6 41. Rb6 Ke5 42. Rb8 Re8 43. Rxe8+ Rxe8 44. Re7+ 1-0

[Event "XIV MIEDZYNARODOWY FESTIWAL SZACHOWY PER"]
[Site "LAZY"]
[Date "2018.06.30"]
[Round "7.26"]
[White "Zabron, Maksym"]
[Black "Szydelko, Michal"]
[Result "1/2-1/2"]
[WhiteElo "1694"]
[BlackElo "1713"]
[PlyCount "86"]
[EventDate "2018.??.??"]

1. d4 d5 2. c4 e6 3. Nc3 Nf6 4. Nf3 Be7 5. Bf4 O-O 6. e3 b6 7. Be2 Bb7 8. O-O
c5 9. b3 Nbd7 10. Qd2 Ne4 11. Nxe4 dxe4 12. Ne5 g5 13. Bg3 f5 14. f3 f4 15.
exf4 Nxe5 16. fxe5 Qxd4+ 17. Qxd4 cxd4 18. fxe4 Bxe4 19. Rfd1 Rad8 20. Bd3 Bf5
21. Bf2 Bc5 22. a3 a5 23. Be1 Bxd3 24. Rxd3 Rf5 25. Bg3 h5 26. h4 Rdf8 27. hxg5
Rxg5 28. Kh2 Rg4 29. Kh3 Rf7 30. Bh4 Be7 31. Bxe7 Rxe7 32. Rad1 Reg7 33. R1d2
Rd7 34. Rg3 Rdg7 35. Rxg4 Rxg4 36. b4 axb4 37. axb4 Kf7 38. g3 d3 39. c5 Rxb4
40. cxb6 Rxb6 41. Rxd3 Rb4 42. Re3 Ke7 43. Re2 Kf7 1/2-1/2

[Event "XIV MIEDZYNARODOWY FESTIWAL SZACHOWY PER"]
[Site "LAZY"]
[Date "2018.06.30"]
[Round "7.27"]
[White "Wojtas, Julia"]
[Black "Kurcaba, Lukasz"]
[Result "1-0"]
[WhiteElo "1483"]
[BlackElo "1619"]
[PlyCount "55"]
[EventDate "2018.??.??"]

1. e4 c5 2. Nf3 Nc6 3. d4 cxd4 4. Nxd4 Nf6 5. Nc3 e6 6. Ndb5 Bb4 7. Nd6+ Ke7 8.
Nxc8+ Rxc8 9. Bd3 d5 10. O-O Bxc3 11. exd5 Nxd5 12. bxc3 Kf8 13. f4 Nxc3 14.
Qf3 Qd5 15. Qg3 Ne7 16. Ba3 b5 17. Bxe7+ Kxe7 18. Rae1 Kf8 19. f5 exf5 20. Bxf5
Qd4+ 21. Kh1 Rd8 22. Qc7 g6 23. Bxg6 Kg7 24. Bxf7 Ne4 25. Bd5+ Kh6 26. Qf4+ Kg7
27. Qg4+ Kh6 28. Rxe4 1-0

[Event "XIV MIEDZYNARODOWY FESTIWAL SZACHOWY PER"]
[Site "LAZY"]
[Date "2018.07.02"]
[Round "8.1"]
[White "Cieslak, Wiktoria"]
[Black "Karpus, Michal"]
[Result "0-1"]
[WhiteElo "1931"]
[BlackElo "2364"]
[PlyCount "52"]
[EventDate "2018.??.??"]

1. e4 e5 2. Nf3 Nc6 3. Bc4 Nf6 4. Ng5 d5 5. exd5 Na5 6. Bb5+ c6 7. dxc6 bxc6 8.
Bd3 Ng4 9. h4 h6 10. Ne4 f5 11. Ng3 Bc5 12. Nxf5 Bxf2+ 13. Kf1 Bxf5 14. Be2 O-O
15. Bxg4 Bg3 16. Bf3 e4 17. Nc3 Qd4 18. Qe2 exf3 19. Qe3 Rae8 20. gxf3 Rxe3 21.
dxe3 Qc4+ 22. Kg2 Be5 23. Bd2 Bxc3 24. Bxc3 Qe2+ 25. Kg3 Bh3 26. Kxh3 Rxf3+ 0-1

[Event "XIV MIEDZYNARODOWY FESTIWAL SZACHOWY PER"]
[Site "LAZY"]
[Date "2018.07.02"]
[Round "8.2"]
[White "Kot, Jerzy"]
[Black "Klepek, Witold"]
[Result "0-1"]
[WhiteElo "2028"]
[BlackElo "2132"]
[PlyCount "92"]
[EventDate "2018.??.??"]

1. g3 d5 2. Bg2 e5 3. c4 c6 4. Qa4 dxc4 5. Qxc4 Be6 6. Qc3 Nd7 7. Nf3 Bd6 8.
O-O Ne7 9. d4 Nd5 10. Qd2 e4 11. Ne1 f5 12. Nc3 O-O 13. e3 Nxc3 14. Qxc3 c5 15.
Nc2 Rc8 16. Qd2 Qe7 17. f3 cxd4 18. Nxd4 Bb4 19. Qf2 Bc4 20. a3 Bxf1 21. Bxf1
Ba5 22. b4 Bb6 23. fxe4 fxe4 24. Nf5 Qf6 25. Qa2+ Kh8 26. Bh3 Bc7 27. Rb1 Ne5
28. Bb2 Nf3+ 29. Kh1 Be5 30. Bxe5 Qxe5 31. Nd4 Rcd8 32. Qe6 Qxe6 33. Nxe6 Rd2
34. Bg2 Re8 35. Rc1 g6 36. Nc5 b6 37. Nxe4 Rxe4 38. Bxf3 Rxe3 39. Bc6 Rxa3 40.
b5 Raa2 41. h4 Rdc2 42. Rd1 a5 43. Be8 Rd2 44. Rc1 Rac2 45. Rf1 Rh2+ 46. Kg1
Rcg2# 0-1